Gozos de santo: fiesta, ecumenismo y heteroglosia

Gespeichert in:
Bibliographische Detailangaben
1. Verfasser: Moulian Tesmer, Rodrigo (autor)
Format: Buch
Sprache:Spanisch
Veröffentlicht: Valdivia Kultrún 2011
Schlagworte:
Tags: Tag hinzufügen
Keine Tags, Fügen Sie den ersten Tag hinzu!

MARC

LEADER 00000cam a2200000 a 4500
001 UCG6330
003 CL-VaPUC
008 110414e20110000CL |||||||||||||||||spa|d
020 |a 97889563440065 
082 0 4 |a 394.25  |b MOU  |2 21 
100 |a Moulian Tesmer, Rodrigo  |e autor  |9 598152 
245 1 0 |a Gozos de santo: fiesta, ecumenismo y heteroglosia 
300 |a 145 p 
942 |c BK 
945 |d 20110414 00:00:00  |a jcampos 
260 |a Valdivia  |b Kultrún  |c 2011 
650 0 |a Carnaval  |9 408678 
650 0 |a Fiestas religiosas  |9 349319 
650 0 |a Folklore chileno  |9 265536 
651 7 |a CHILE  |2 CL-VaPUC  |9 556453 
583 |a last modification  |c 20140512 10:16:47  |k Rodrigo Vera 
999 |c 344590  |d 344588 
952 |0 0  |1 0  |4 0  |6 394_250000000000000_MOU_2011  |7 0  |8 X  |9 442641  |a FDOMLP  |b FDOMLP  |d 2019-11-22  |i 4767721  |o 394.25 MOU 2011  |p 4767721  |r 2019-11-22  |w 2019-11-22  |y BK_X  |k BU2 
952 |0 0  |1 0  |3 erb  |4 0  |6 394_250000000000000_MOU_2011  |7 0  |8 A  |9 442642  |a BIBHIS  |b BIBHIS  |i 5074983  |o 394.25 MOU 2011  |p 5074983  |r 2025-01-20  |w 2019-11-22  |y BK  |z Catalogado en:20140529  |k HIS